Survivor Locations Quiz Stats

 Plays Quiz Updated Jun 27, 2019

Score 0/38 Timer 06:00
3 Plays Today
Year Location % Correct
2018Fiji (Ghost Island)
90.2%
2019Fiji (Edge of Extinction)
90%
2018Fiji (David vs. Goliath)
90%
2017Fiji (Heroes vs. Healers vs. Hustlers)
89.9%
2017Fiji (Game Changers)
88.8%
2016Fiji (Millennials vs. Gen X)
88.4%
2001Australian Outback
87.9%
2001Africa
80.8%
2012Samoa (One World)
77.7%
2007China
76.1%
2015Nicaragua (Worlds Apart)
74.1%
2013Caramoan
73.5%
2014Philippines (Cagayan)
73.4%
2013Philippines (Blood vs. Water)
73.3%
2012Philippines
73.1%
2014San Juan del Sur
73%
2016Kaôh Rōng
71.3%
2000Borneo
67.8%
2007Fiji
66.4%
Year Location % Correct
2015Cambodia
65.6%
2004Pearl Islands (All-Stars)
64.8%
2003Amazon
64.2%
2003Pearl Islands
62.3%
2002Thailand
62%
2005Palau
61.8%
2004Vanuatu
60.8%
2008Micronesia
60.6%
2006Panama
60%
2008Gabon
59.3%
2009Samoa
57.7%
2006Cook Islands
54.7%
2005Guatemala
53.3%
2009Tocantins
52.1%
2010Samoa (Heroes vs. Villains)
50.6%
2002Marquesas
50.5%
2011Samoa (South Pacific)
44.1%
2010Nicaragua
43.4%
2011Nicaragua (Redemption Island)
40.9%

You're not logged in!

Compare scores with friends on all Sporcle quizzes.
OR
Log In

Sporcle TV

Today on Sporcle TV


Watch our educational content, quiz creation guides, and fun videos on Sporcle TV.

Show Comments

Extras

Top Quizzes Today


Score Distribution

Your Account Isn't Verified!

In order to create a playlist on Sporcle, you need to verify the email address you used during registration. Go to your Sporcle Settings to finish the process.

Report this User

Report this user for behavior that violates our Community Guidelines.

Details: